Statistics for Skylanders Swap Force Skylanders

Click here to take the quiz!

General Stats

  • This quiz has been taken 28 times
  • The average score is 18 of 32

Answer Stats

HintAnswer% Correct
FireBlast Zone
86%
FireFire Kraken
81%
LifeGrilla Drilla
71%
UndeadRattle Shake
67%
EarthDoom Stone
62%
AirFree Ranger
62%
WaterFreeze Blade
62%
FireFryno
62%
TechMagna Charge
62%
UndeadNight Shift
62%
EarthRubble Rouser
62%
TechSpy Rise
62%
LifeStink Bomb
62%
MagicTrap Shadow
62%
AirBoom Jet
57%
WaterSwash Buckler
57%
MagicDune Bug
52%
MagicHoot Loop
52%
WaterRiptide
52%
FireSmolderdash
52%
LifeBumble Blast
48%
TechCountdown
48%
AirPop Thorn
48%
EarthScorp
48%
EarthSlobber Tooth
48%
UndeadGrim Creeper
43%
AirScratch
43%
MagicStar Strike
43%
TechWind Up
43%
WaterPunk Shock
38%
UndeadRoller Brawl
38%
LifeZoo Lou
38%

Score Distribution

Percentile by Number Answered

Percent of People with Each Score

Your Score History

You have not taken this quiz